Estatísticas para Copa do Mundo da FIFA 2018 - Final 16 Equipes

Clique aqui para jogar o quiz

Estatísticas Gerais

  • Esse quiz foi jogado 296 vezes
  • A pontuação média é 15 de 16

Estatísticas das Respostas

país% Correto
Brasil
100%
França
100%
Bélgica
99%
Croácia
97%
Argentina
96%
Espanha
95%
Inglaterra
95%
Portugal
94%
México
91%
Rússia
91%
Suíça
91%
Uruguai
91%
Japão
90%
Suécia
89%
Dinamarca
85%
Colômbia
83%

Distribuição das Pontuações

Percentil de Números Respondidos

Porcentagem de Pessoas com Cada Pontuação

Sua Pontuação Histórica

Você não jogou esse quiz